Current english usage / (Record no. 10176)
[ view plain ]
| 000 -LEADER | |
|---|---|
| fixed length control field | 00474cam a2200193ua 4500 |
| 041 ## - LANGUAGE CODE | |
| Language code of text/sound track or separate title | eng |
| 082 ## - DEWEY DECIMAL CLASSIFICATION NUMBER | |
| Classification number | 028.73423 |
| Item number | WOO/CU |
| 100 ## - MAIN ENTRY--AUTHOR NAME | |
| Personal name | Wood, Frederick T . |
| 245 ## - TITLE STATEMENT | |
| Title | Current english usage / |
| 250 ## - EDITION STATEMENT | |
| Edition statement | 1 / |
| 260 ## - PUBLICATION, DISTRIBUTION, ETC. (IMPRINT) | |
| Place of publication | London : |
| Name of publisher | McMillon & Co Ltd , |
| Year of publication | 1962. |
| 300 ## - PHYSICAL DESCRIPTION | |
| Number of Pages | 273 ; . |
| 942 ## - ADDED ENTRY ELEMENTS (KOHA) | |
| Koha item type | Books |
| Withdrawn status | Lost status | Damaged status | Home library | Current library | Date acquired | Full call number | Accession Number | Koha item type | Cost, normal purchase price |
|---|---|---|---|---|---|---|---|---|---|
| Withdrawn | KAUAET | KAUAET | 07/04/2012 | 028.73423 | 6958 | Reference | 15.00 | ||
| Withdrawn | KAUAET | KAUAET | 07/04/2012 | 028.73423 | 8558 | Reference | |||
| KAUAET | KAUAET | 07/04/2012 | 028.73423 | 10995 | Reference | ||||
| Withdrawn | KAUAET | Sanskrit University | 07/04/2012 | 028.73423 | 3152 | Books |
